Soul Of The Corporation: How To Manage The Identity Of Your Company (Record no. 615587)

MARC details
000 -LEADER
fixed length control field 00377nam a2200133Ia 4500
008 - FIXED-LENGTH DATA ELEMENTS--GENERAL INFORMATION
fixed length control field 260225s9999 xx 000 0 und d
020 ## - INTERNATIONAL STANDARD BOOK NUMBER
ISBN 9788131717226
082 ## - DEWEY DECIMAL CLASSIFICATION NUMBER
Classification number 338.74
Item number BOU
245 #0 - TITLE STATEMENT
Title Soul Of The Corporation: How To Manage The Identity Of Your Company
260 ## - PUBLICATION, DISTRIBUTION, ETC. (IMPRINT)
Name of publisher Pearson Education India,
Year of publication 2007
300 ## - PHYSICAL DESCRIPTION
Number of Pages 260 pages
942 ## - ADDED ENTRY ELEMENTS (KOHA)
Koha item type English Books
Holdings
Withdrawn status Lost status Damaged status Not for loan Home library Current library Shelving location Date acquired Full call number Accession Number Price effective from Koha item type
        Anna Centenary Library Anna Centenary Library 4TH FLOOR, A WING 25.02.2026 338.74 BOU 94384 25.02.2026 English Books

Find us on the map